000 00536nam a2200241Ia 4500
003 IT-RoPAU
008 120407s9999 xx 000 0 und d
040 _aIT-RoPAU
040 _cIT-RoPAU
041 _aita
100 _aLaura De Luca
245 _a"Tu piccola scatola... La radio , cose, persone"
250 _aCinisello Balsamo
260 _aEdizioni Paoline
260 _c1993
300 _a370 p.
300 _c21 cm
490 _a SPICS
490 _v1
700 _aWalter Lobina
942 _cBK
999 _c33553
_d33553